[Event "U1950 Turnier"]
[Site "?"]
[Date "2010.10.23"]
[Round "4"]
[White "Turbo Advanced Trainer, Saitek"]
[Black "Europa, Mephisto"]
[Result "1-0"]
[WhiteElo "1897"]
[BlackElo "1685"]
[Annotator "Stefan Timmermans"]
[PlyCount "155"]

1. d4 Nf6 2. c4 g6 3. Nc3 Bg7 4. e4 d6 5. Nf3 O-O 6.
Be2 e5 7. O-O Nc6 8. d5 Ne7 {Untill here the openginsbook of both} 9. b3 Re8
10. Bg5 h6 11. Be3 Ng4 12. Bc1 f5 13. Nh4 Nf6 14. exf5 Bxf5 15. Nxf5 Nxf5 16.
Bb2 Nd4 17. Bd3 Nf5 18. Qc2 Qd7 19. Rae1 c6 20. Qd2 Rad8 21. Bc2 cxd5 22. Nxd5
Nxd5 23. Qxd5+ Kh7 24. Be4 Re7 25. f4 Rde8 26. Bxf5 gxf5 27. Ba3 exf4 28. Rxe7
Rxe7 29. Bxd6 Re2 30. a3 Qe6 31. Qxe6 Rxe6 32. Bxf4 Bb2 33. Bb8 $2 Bd4+ 34. Kh1
Re3 35. Rd1 Kg6 36. g4 Bf6 37. gxf5+ Kxf5 38. Rf1+ Kg6 39. Rg1+ Kf5 40. Rg3
Re1+ 41. Kg2 Bd4 42. Rf3+ Ke6 43. Bf4 Re2+ 44. Kf1 Ra2 45. Bxh6 Rxa3 46. h4
Ra1+ 47. Ke2 Rh1 48. Bg5 Rh2+ 49. Kd3 Bc5 50. Rf6+ Ke5 51. Rf7 Rh3+ 52. Ke2
Rh2+ 53. Ke1 Rh1+ 54. Kd2 Rh2+ 55. Kd1 Rh1+ 56. Ke2 Rh2+ 57. Kf1 Rh1+ 58. Kg2
Rg1+ 59. Kh2 Rb1 60. Rxb7 Bb6 61. Re7+ Kd6 62. h5 Rb2+ 63. Kg3 Rxb3+ 64. Kg4
Rb2 65. Re4 Rg2+ 66. Kf5 Rf2+ 67. Bf4+ Kd7 68. h6 Rf1 69. h7 Rh1 70. Kg6 Rh4 (
70... Bc5 71. Bh6) 71. Re2 Rh1 72. Bh6 Rg1+ 73. Kf5 Bd4 74. Rd2 Rf1+ 75. Kg4
Rg1+ 76. Kf4 (76. Kf3 Rf1+ 77. Kg3 Rg1+ 78. Kh2) 76... Rf1+ 77. Kg3 Rg1+ 78.
Kh2 1-0

[Event "U1950 Turnier"]
[Site "?"]
[Date "2010.10.31"]
[Round "5"]
[White "Constellation 2 MHz, Novag"]
[Black "Explorer, Mephisto"]
[Result "0-1"]
[WhiteElo "1677"]
[BlackElo "1900"]
[Annotator "Stefan Timmermans"]
[PlyCount "94"]

1. e4 c5 2. c3 Nf6 3. e5 Nd5 4. d4 (4. Nf3 Nc6 5. d4
(5. Bc4 Nb6 6. Bb3 c4 7. Bc2 Qc7) 5... cxd4 6. cxd4 d6 7. Bc4 Nb6 8. Bb5 dxe5
9. Nxe5 Bd7 10. Nxd7 Qxd7 11. Nc3 $14) 4... cxd4 5. cxd4 (5. Nf3 Nc6 6. cxd4 d6
7. Bc4 e6 8. O-O Be7 9. Qe2 O-O $14) 5... d6 6. Nf3 {A system I'm too , more
or less familiar with...} (6. Bc4 Nb6 7. Bb5+ Nc6 8. d5 a6 9. Bxc6+ bxc6 10.
dxc6 dxe5 11. Qxd8+ Kxd8 $15) 6... dxe5 {Now this move doesn't appear in the
opening lines, lets see how the Conny responds to that.} (6... Nc6 7. Bc4 Nb6 (
7... e6 8. O-O Be7 9. Qe2 O-O $11) 8. Bb5 dxe5 9. Nxe5 Bd7 10. Nxd7 Qxd7 11.
Nc3) 7. dxe5 (7. Nxe5 Nd7 8. Bc4 e6 $14) 7... e6 (7... Nc6 8. Bc4 e6 (8... Nb6
$6 9. Qxd8+ Nxd8 10. Bb5+ Bd7 11. Nc3 $14 {and white is a little ahead in
development})) 8. Nc3 {Typical Conny Move, I don't like that pawn structure
after an eventual exchange on c3.} (8. Bc4 Nc6 9. O-O $14) 8... Bb4 9. Bd2 Nxc3
10. bxc3 Ba5 11. Bc4 Bd7 12. O-O Qc7 {My chessengine is saying white stand
slighly better.} 13. Qe2 O-O 14. Bd3 Bc6 15. Nd4 Rd8 16. Qh5 g6 (16... h6 17.
Bxh6 gxh6 18. Qxh6 Bd5 {To give an example how dangerous de situation is...}
19. Bh7+ Kh8 20. Bg6+ Kg8 21. Qh7+ Kf8 22. Nb5 $18) 17. Qe2 Bb6 $14 {Double
attack on d4} 18. Nc2 $6 Rd5 19. Rfe1 Nd7 20. Bf4 Rc5 $11 21. Nb4 (21. c4 $2
Ba5) 21... Rxc3 22. Nxc6 Rxc6 23. Be4 Rc4 24. Bxb7 $4 {Its nice to go for a
sacrifice, the cony goes Superconny but, the sacrifice has to pay off, lets
see about that...} (24. Rac1 $11 {Secures the balance.}) 24... Rxf4 25. Bxa8
Rxf2 26. Qxf2 Bxf2+ 27. Kxf2 Nxe5 $19 {at this stage the Mephisto Explorers
scroe was -1,8 for white, however my 32bit chessengine gives -4,2 !!!} 28. Kf1
Nd3 29. Re3 Qc4 30. Re4 Qb5 {The Mephisto Explorer evolved to - 2,6} 31. Re2 {
Forced move} (31. Kg1 Qc5+ 32. Kf1 (32. Kh1 Nf2+ 33. Kg1 Nh3+ $3 34. Kh1 Qg1+
35. Rxg1 Nf2# {Mate with only a Knight on the table !!!}) 32... Qf2#) 31... Nf4
32. Rae1 Nxe2 33. Rxe2 Qb8 {Mephisto Explorers scrore -3,3} 34. Bf3 Qxh2 35.
Rb2 Qc7 36. g4 f5 37. Kg2 e5 38. gxf5 gxf5 39. Bd5+ Kg7 40. Rd2 Kf6 41. Re2 h5
42. Ba8 h4 43. Kf2 (43. Kh3 Qc3+ 44. Kh2 (44. Kxh4 $4 Qc4+)) 43... h3 44. Kg1 (
44. Kg3 Qc4 45. Rf2 Qg8+ $19) 44... e4 45. Rf2 Qg3+ 46. Kf1 Kg6 {To avid the
move Bxe4} 47. Bxe4 fxe4 0-1

[Event "U1950 Turnier"]
[Site "?"]
[Date "2010.10.24"]
[Round "5"]
[White "Constellation 2 MHz, Novag"]
[Black "Timmermans, Stefan"]
[Result "0-1"]
[WhiteElo "1677"]
[BlackElo "1899"]
[Annotator "Stefan Timmermans"]
[PlyCount "132"]

1. f4 e5 2. e4 {Oops the Kingsgambit instead of the
Bird. I know very little about the Kingsgambit.} (2. fxe5 d6 3. exd6 Bxd6 4.
Nf3 g5 5. g3 g4 6. Nh4 Ne7 7. d4) 2... exf4 3. Bc4 Qh4+ {I decided to make use
of common sense, and apparently this has been played before.} (3... Nf6 4. Nc3
c6 5. d4 Bb4 6. e5 $15) 4. Kf1 Nf6 5. Nf3 Qh5 6. Qe2 {Out of book} g5 (6... Be7
7. d4 g5 $15) (6... Nc6 7. d4 g5 8. d5 Na5 9. Bd3 $17) 7. d4 Be7 {Moves like
d6 fail on e5 as the king is still on the e-file} 8. Kg1 {White clearly wants
to play h3, Kh2 to get the rook back into play.} c6 $11 (8... Nc6 9. h3 Qg6 10.
Nc3 Nh5 $15) 9. Nc3 b5 $2 {o-o or d6 were required} 10. e5 $1 Ng4 11. Bd3 $16
O-O $4 12. h3 $4 (12. h4 $1 gxh4 13. Bxf4 $18 {And blacks position is total
loss... lucky me it was against the Conny}) 12... Nh6 13. Nxb5 {Black can't
take as of Qe4} Na6 14. Qe4 Qg6 $16 {Just-In-Time} 15. Nd6 Nb4 $1 16. Qxg6+
hxg6 (16... fxg6 17. Bc4+ $11) 17. Nxc8 {A good Knight for a lousy bishop... I
don't complain} Raxc8 18. Be4 Nf5 {Threatens Ng3 with attack on the Rook and
bishop at the same time prevents h4} 19. a3 Nd5 {Inviting him to concede his
bishop pair.} 20. Kh2 $15 (20. Bxf5 gxf5 21. c4 Ne3 22. Bxe3 fxe3 $15) 20...
Nde3 {c5 would have been a nice move, but the Nd5 is no longer defended} (20...
c5 $4 21. Bxd5) 21. Bxf5 gxf5 {The aim was to combine the pawns in to a chain
of a freepawn.} 22. Bxe3 fxe3 23. g3 {Still in a messed up situation. Question
to answer, are the pawns going to remain in place ?} (23. Rae1 f4 24. g3 f6 $17
) 23... c5 24. d5 {well played I must say} g4 {well played from myself} (24...
d6 25. Rae1 f4 26. gxf4 gxf4 27. Rhg1+ Kh7 28. Rg4 {And white is coping with
it ! White is slightly better.}) 25. Ng1 d6 $2 $11 {Doesn't increase piece
activity compared to c4} (25... c4 $1 26. Ne2 gxh3 27. Kxh3 Rc5 $15) (25... f6
26. d6 Bd8 27. Re1 fxe5 28. Rxe3 f4 $17) (25... Rb8 26. b3 Rfe8 $1 27. Re1 Bg5
$17) 26. Re1 $11 dxe5 27. Rxe3 Bd6 (27... f6 28. hxg4 fxg4 29. Re4 $14) (27...
Bf6 28. hxg4 fxg4 29. Re4 Rfd8 30. Rxg4+ Kf8 31. c4 Rb8 $15) 28. Kg2 (28. Ne2)
28... c4 29. Ne2 Rc5 30. Nc3 Rb8 31. Rb1 gxh3+ 32. Kxh3 $11 f6 $2 {f5 is a
gift then} (32... Kg7 33. Rf3 Kg6 $11) 33. g4 (33. Rf3 Kg7 34. Rxf5 $16) 33...
Rc7 $2 (33... f4 $1 {Would have equalized}) 34. gxf5 $16 Rh7+ 35. Kg2 Rg7+ 36.
Kf3 Be7 $2 37. Re4 $16 {Much better was Ne4 !} (37. Ne4 Rd8 38. Rd1 Kf7 39. d6
Bf8 40. Rc3 $18) 37... Rg5 38. Rg4 Rxg4 39. Kxg4 Kf7 40. Kf3 Bc5 41. Ke2 $2 (
41. Ne4 Bxa3 42. Rh1 Rxb2 43. Rh7+ Ke8 44. Nxf6+ Kd8 45. d6 $18) (41. Ne4 Bf8
42. d6 Rd8 43. Rd1 $18) 41... Bd4 $16 42. Ne4 Ke7 (42... Rxb2 43. Rxb2 Bxb2 44.
Nd6+ $18) 43. d6+ Kd7 44. b4 $4 (44. Rh1 Rxb2 45. Rh7+ Kc8 46. Nxf6 Rxc2+ $18)
44... Rh8 45. c3 Rh2+ 46. Kd1 Be3 $14 (46... Rh1+ {Here Black could have
easily reached a draw by repitition of moves.} 47. Kc2 Rh2+ 48. Kd1 Rh1+ 49.
Kc2 Rh2+ 50. Kd1) 47. Nxf6+ Kxd6 48. Ng4 $14 Rd2+ 49. Ke1 Rd3 50. Rd1 Bg5 51.
Rxd3+ (51. f6 e4 52. f7 Ke7 53. Ne5 $16) 51... cxd3 52. f6 e4 $15 (52... Ke6
53. f7 Be7 (53... Kxf7 $4 54. Nxe5+ $18) 54. Nf2 Kxf7 $18) 53. Nf2 (53. f7 Ke7
$15) 53... Ke5 (53... Bh4 $1 54. Kf1 Bxf2 55. Kxf2 Ke6 56. c4 d2 57. Ke2 e3 58.
c5 Kxf6 59. b5 $19) 54. f7 Be7 55. Kd1 (55. Ng4+ Kf4 56. Nf6 Kf3 57. Nh7 e3 $19
) 55... Kf4 $4 56. c4 Kf3 57. Nh3 $4 {Not surprisingly the wrong move, its to
many moves ahead for the Conny as for humans possibly too} (57. Nxd3 exd3 58.
c5 $18) 57... Kg4 $4 {Decided to remain in the 'kwadrant' of the c pawn but is
based on a wrong judgement} (57... e3 58. c5 e2+ 59. Kd2 (59. Ke1 Ke3 {[%emt 0:
00:01] Mate in}) 59... Bf8 60. Ng5+ (60. c6 $4 Bh6+ $19) 60... Kf2 61. Ne4+ Kf3
62. Ng5+ Kg2 63. Ne4 $11) 58. Nf2+ (58. c5 Kf5 59. c6 Ke6 60. Nf4+ Kd6 61. Ng6
$18) 58... Kf3 59. f8=Q+ $4 {This isn't helping a lot, the Conny surely has a
program bug here....} (59. Nxd3 exd3 60. c5 $18 {The bishop surely can't be at
2 sides the same time, and the King is already out of sight}) 59... Bxf8 60.
Nxd3 exd3 61. c5 Ke4 62. c6 Bd6 63. b5 Bc7 64. Kd2 Ba5+ 65. Kd1 Ke3 66. a4 d2 {
What a terrible match from both sides... lots of endgame major blunders, but
then again only when the GM himself, my chessengine is showing us....} 0-1

[Event "U1950 Turnier"]
[Site "?"]
[Date "2010.11.01"]
[Round "5"]
[White "Super Mondial B, Mephisto"]
[Black "Europa, Mephisto"]
[Result "1-0"]
[WhiteElo "1876"]
[BlackElo "1685"]
[Annotator "Stefan Timmermans"]
[PlyCount "51"]

1. e4 c6 2. c4 d5 3. exd5 cxd5 4. d4 Nc6 {In support
of e5} 5. Nc3 dxc4 6. Nf3 Na5 $6 {if you play dxc4, of course Na5 is logical,
but black is neglitating its own development and the Super Mondial is going to
demonstrate this !} 7. Ne5 Nf6 8. Be2 Bf5 $2 {A mistake...but white doesn't
take advantage out of it.} 9. Bf4 (9. Qa4+ $16 Bd7 10. Nxd7 {10... Qxd7 ?? 11.
Qxa5} Nxd7 11. O-O e6 12. d5 $1 $16) 9... Rc8 {Black consequently holds on to
the pawn...} 10. Qa4+ Bd7 11. Nxd7 Nxd7 12. O-O e6 (12... Nc6 13. Bg4 $16) 13.
Rad1 (13. d5 $1 a6 14. dxe6 fxe6 15. Rad1 $18 {black is already in an awfull
lot of trouble}) 13... Be7 14. d5 $1 exd5 (14... e5 $2 15. Bg4 $3 exf4 16. d6
$18 Bf6 17. Rfe1+ Kf8 18. Bxd7) 15. Rxd5 Rc5 (15... b6 $4 16. Bg4 $18) 16. Rfd1
Rxd5 17. Nxd5 Nc6 18. Nc7+ Kf8 19. Bg4 Ncb8 20. Bxd7 Nxd7 21. Rxd7 {Ouch !!!}
Qc8 22. Qd1 g5 23. Rxe7 gxf4 (23... Kxe7 24. Qd6#) 24. Re8+ (24. Qd6 Kg7 25.
Ne6+) 24... Qxe8 25. Nxe8 Kxe8 26. Qd4 1-0

[Event "U1950 Turnier"]
[Site "?"]
[Date "2010.10.22"]
[Round "5"]
[White "Turbo Advanced Trainer, Saitek"]
[Black "Timmermans, Stefan"]
[Result "1/2-1/2"]
[WhiteElo "1893"]
[BlackElo "1899"]
[Annotator "Stefan Timmermans"]
[PlyCount "136"]

1. e4 c5 2. Nc3 {I've seen that the Saitek plays
this with white on the sicilian, this approach is called to the closed
sicilian.} Nc6 {The most obvious move} 3. g3 {The fianchetto Idea, I had it
before in the ENCI tournament in Maastricht against a 2100+ player, in which I
had nothing to fear.} Nf6 4. Bg2 g6 {I decided to deviate from an earlier game,
and play for an obvious move.} (4... e6 5. Nge2 d6 6. O-O Be7 {This I played
in Maastricht.}) 5. f4 {Typical move in the Closed sicilian, white aims to
attack on the Kingsside, a break to e5 would limit black freedom.} (5. Nge2 Bg7
6. d4 cxd4 7. Nxd4 Nxe4 8. Nxc6 Nxc3 9. Nxd8 Nxd1 10. Nxf7 Kxf7 11. Kxd1 $11)
5... d6 6. Nf3 Qc7 7. O-O Bg7 8. d4 $6 $17 {Looks promosing, d5 & e5 stuff but.
.. is dubious after the obvious cxd4 & Qb6 move, black has nothing to fear and
my chess engine even asseses the position is better for black.} cxd4 9. Nd5 (9.
Nxd4 Qb6 {Thats why !}) 9... Qa5 {Attacks Nd5 for the second time !} (9... Nxd5
10. exd5 Nb4 11. c3 (11. Nxd4 Bxd4+ $2 12. Qxd4 Nxc2 $4 13. Qxh8+) 11... Nxd5
12. Nxd4 $15) 10. Nxf6+ Bxf6 11. Rf2 O-O 12. a3 Qb6 13. Qe2 {Support the e5
push} e5 14. c4 (14. fxe5 dxe5 15. Nxd4 $4 {The bishop is in but there is an
very obvious refutation for this ....;} Nxd4 $19) 14... Be6 $17 {Better was to
accept the en-passant invitation...} (14... dxc3 15. bxc3 exf4 16. Bxf4 Bxc3
$19) 15. Qd3 {White decides to avoid the pawn will ever move...} (15. f5 $5
gxf5 16. exf5 Bxf5 17. Ne1 d3 $17) 15... Na5 (15... exf4 16. gxf4 Qc5 17. b3
Rfc8 $17 {White is under pressure, for sure}) 16. Nd2 {covers for b3 & c4} Bg7
{A too quite move in such a position. The bishop can't move to h4 anymore
after exf4,gxf4} (16... exf4 17. gxf4 Bh4 $19 {Here whites forces are pretty
disorganised}) 17. b3 f5 (17... exf4 18. gxf4 f5 $19) 18. Bb2 Rac8 19. Rd1 Rf7
$19 (19... Nxb3 20. Qxb3 (20. Nxb3 $4 Bxc4 21. Qf3 Bxb3 {And black is 3 pawns
up}) 20... Qxb3 21. Nxb3 fxe4 22. Bxe4 Rxc4 $13 {Very unclear , in terms of
material balance}) 20. Re2 Rcf8 21. Rf1 fxe4 (21... exf4 $1 22. gxf4 (22. Rxf4
Be5 $19) 22... fxe4 23. Bxe4 Rxf4 $19) 22. Bxe4 $17 {Now exf4 is much less, as
doing to, could end up in a situation of Bxg6 and Rook on e2 attacking the Be6
!} Bf5 23. Bxf5 $2 (23. b4 Nc6 24. b5 Ne7 25. Kh1 $17) 23... gxf5 $1 {Now its
is really looking good, black plans for e4 !} (23... Rxf5 24. b4 Nc6 25. Ref2
$17) 24. c5 {Damn, white has found this Schwindel} (24. fxe5 dxe5 25. b4 e4 $19
) 24... Qxc5 25. b4 Qb6 (25... e4 $3 26. Nxe4 fxe4 27. Qxe4 Qb5 $19) 26. Bxd4
exd4 (26... Qxd4+ 27. Qxd4 exd4 28. bxa5 $17) 27. bxa5 Qxa5 28. Rd1 Qc3 {Not
the right move to play, the game is flattening again... and black has
virtually nothing anymore.} (28... Rc7) 29. Nb3 Rc7 30. Nxd4 Bxd4+ 31. Qxd4
Qxd4+ 32. Rxd4 Rc6 $2 {Black is giving all out of hand} (32... Rf6 33. Red2 Rc6
$15) 33. Re6 Kf7 (33... Rd8 34. Rf6 Ra6 35. Rd3 $11) 34. Rdxd6 Rxd6 35. Rxd6
Ke7 36. Rh6 Rf7 37. Kf2 Kf8 38. Ke3 Kg7 39. Re6 $14 Rd7 {Cutting of the King}
40. h3 Kf7 41. Re5 Kf6 42. g4 fxg4 43. hxg4 h6 44. Re8 $14 Rg7 45. Kf3 Rd7 46.
Rf8+ Kg7 47. Rb8 Kf6 {Puts the king out of Rxb7 check if it ever comes to that}
48. Rh8 Kg7 49. Rc8 Kf6 50. Ke3 $14 Rg7 51. Rf8+ Ke7 {Rook and pawn are under
attack} 52. Ra8 a6 $4 (52... Rxg4 53. Rxa7 Rg3+ 54. Ke4 Kf6 $11 {and draw is
unavoidable}) 53. Kf3 Kf6 54. Rh8 $16 Kg6 55. Rd8 (55. f5+ Kg5 56. Rf8 Kh4)
55... Rc7 56. Rd6+ Kg7 57. Ke4 Kh7 58. g5 $4 (58. f5 Rc4+ 59. Rd4 Rc7 60. Ke5
$16) 58... hxg5 59. fxg5 Rc1 60. Rb6 Rc4+ 61. Kf5 Rc7 (61... Rc5+ 62. Kf6 Rc7
$16) 62. Kf6 Rg7 $1 63. Rb4 Rg6+ 64. Kf5 b5 65. a4 $2 (65. Rh4+ Kg7 $14) 65...
bxa4 66. Rxa4 Rb6 67. Ra5 Rb5+ 68. Rxb5 axb5 1/2-1/2

[Event "U1950 Turnier"]
[Site "?"]
[Date "2010.12.07"]
[Round "7"]
[White "Europa, Mephisto"]
[Black "Super Mondial B, Mephisto"]
[Result "0-1"]
[WhiteElo "1685"]
[BlackElo "1876"]
[Annotator "Stefan Timmermans"]
[PlyCount "95"]

1. e4 e5 2. Nc3 Nf6 3. Bc4 Nc6 4. d3 Bb4 5. Nf3 d6
6. O-O Bxc3 7. bxc3 Na5 8. Bb5+ c6 9. Ba4 b5 10. Bb3 Nxb3 11. cxb3 O-O 12. a4
bxa4 13. Rxa4 Bg4 14. h3 Bh5 15. Bg5 h6 16. Be3 Qb8 17. b4 d5 {This move
equalizes} 18. Bc5 dxe4 19. dxe4 (19. Bxf8 exf3 20. g4 Kxf8 (20... Nd5 21. Qxf3
Nxc3 22. Ra6 Bxg4 23. Qxg4 Qxf8 $14) 21. gxh5 e4 22. dxe4 Qf4 23. Kh1 {other
moves fail} Nxe4 24. Rxa7 {Position not clear}) 19... Rd8 20. Qe2 Bg6 21. Be7
Nxe4 22. Bxd8 Nxc3 23. Qxe5 $1 $11 Nxa4 (23... Qxe5 24. Nxe5 Nxa4 25. Ba5 $11)
24. Qe8+ Kh7 25. Qxc6 Qxd8 26. Qxa4 Be4 27. Rd1 Qc7 28. Qd7 Qxd7 29. Rxd7 Bxf3
30. gxf3 Kg6 31. Kf1 h5 32. Rd6+ f6 33. Kg2 Rb8 34. Rd4 a6 $11 35. Kg3 Kf5 {
[%emt 0:00:00]} 36. Rf4+ Ke6 37. Re4+ Kf7 38. Rd4 g6 39. Kf4 Ke6 40. Re4+ Kd6
41. Rd4+ $15 Kc6 42. Re4 Kb5 43. Ke3 f5 44. Re6 $2 $19 Rb6 45. Rxb6+ Kxb6 46.
Kf4 $4 (46. Kd4 Kb5 47. Kc3 $17) 46... Kb5 47. Kg5 Kxb4 48. Kxg6 0-1

[Event "U1950 Turnier"]
[Site "?"]
[Date "2010.12.01"]
[Round "6"]
[White "Europa, Mephisto"]
[Black "Turbo Advanced Trainer, Saitek"]
[Result "0-1"]
[WhiteElo "1685"]
[BlackElo "1897"]
[Annotator "Stefan Timmermans"]
[PlyCount "77"]

1. d4 Nf6 2. c4 e6 3. Nc3 d5 4. Bg5 Nbd7 5. Nf3
Be7 6. e3 O-O 7. Bd3 c5 8. O-O h6 9. Bf4 dxc4 10. Bxc4 b6 11. Rc1 Nh5 12. Be5
a6 13. d5 $5 {Audacious move for a device that only calculates 7 Ply on average
} Nxe5 (13... b5 14. d6 $1 $14) 14. Nxe5 Nf6 $16 15. Nc6 {Goes for the bishop
pair, there where a few moves ago, he gave the pair} (15. dxe6 Bxe6 16. Bxe6
fxe6 17. Qb3 {Was better}) 15... Qd7 16. Nxe7+ Qxe7 17. d6 $1 Qd7 18. e4 Bb7
19. e5 Qc6 20. f3 $14 Nd7 21. Qe2 b5 22. Nxb5 $1 {Another aud acious move from
the Europa, sometimes I'm really surprised he only has "1700" ELO. To me he
shows flashes of 1900+ in many games before. TheSaitek Turbo is only holding
his position....up till now} Nxe5 {Interesting Idea, he must have thought ok
the Knight on d7 in the previous variation was sitting along... to why not
sacrifice it back ? Very unhuman thnking (except for Human Masters of course)}
(22... axb5 23. Bxb5 Qb6 $1 24. Bxd7 Ba6 $17) 23. Qxe5 (23. Nc7 Nxc4 24. Rxc4 (
24. Nxa8 $4 Nxd6 $19 {Now black has 2 pieces for a rook and 6 pawns against 5.}
) 24... Rad8 $17) 23... axb5 24. Be2 c4 25. b3 Qd5 $2 {This move compared to
Rxa2 turns the balance from a better up to winning position to equal.} (25...
Rxa2 26. bxc4 bxc4 27. Rxc4 Qb6+ 28. Kh1 Rd8 $17) 26. Qxd5 exd5 {Reinforces
the ackward pawn structure.} 27. a4 bxa4 28. bxc4 a3 29. cxd5 $2 $15 {The
Europa played to well, and now he lets it all slip away so easily...} (29. c5 {
A move I myself would have played but was not played by the Europa ... I think
now that there are less pieces, the RISC processor of the Saitek is on the
upperhand....} a2 30. Bb5 $15) 29... Rfd8 30. Rc7 Bxd5 $19 31. d7 Kf8 32. Ra1
Be6 33. Bb5 a2 34. Bc6 Rab8 35. Kf2 Rb1 36. Rc8 Ke7 37. Rxd8 Kxd8 38. Rxa2 Bxa2
39. Ke3 0-1

[Event "U1950 Turnier"]
[Site "?"]
[Date "2010.12.06"]
[Round "7"]
[White "Explorer, Mephisto"]
[Black "Constellation 2 MHz, Novag"]
[Result "1-0"]
[WhiteElo "1900"]
[BlackElo "1677"]
[Annotator "Stefan Timmermans"]
[PlyCount "83"]

1. e4 e5 2. Nc3 Nc6 3. Bc4 Nf6 {The Conny already
ran out of opening moves but played one nevertheless} 4. d3 Bb4 5. Nf3 d5 {an
very clever move, as any bishop retreat goes at the expense of a tempoloss} 6.
Bb5 $2 (6. exd5 Nxd5 7. Bd2 Nf4 8. O-O O-O $14) 6... Bg4 $15 7. Bd2 O-O 8. Nxd5
Bxd2+ 9. Qxd2 Bxf3 (9... Nxd5 10. Bxc6 (10. exd5 Qxd5 $17) 10... Nf4 $1 11.
Nxe5 Qg5 12. Nxg4 Nxg2+ 13. Kd1 Qxg4+ 14. Qe2 Qxe2+ 15. Kxe2 bxc6 $19) 10.
Nxf6+ (10. Bxc6 bxc6 11. Nxf6+ Qxf6 12. gxf3 Qxf3 13. Rg1 $15) 10... Qxf6 11.
Bxc6 Bxg2 12. Rg1 Qxc6 13. Rxg2 f5 14. Qg5 Rf7 15. f3 (15. exf5 $2 Qxc2) 15...
fxe4 16. fxe4 Raf8 17. O-O-O Qd6 18. Rgg1 g6 $11 19. h4 Rf2 20. h5 {Going for
the win, but neglecting its own defense} Qc6 {Compared to Qc5, Rd2 is now a
good defense !} (20... Qc5 $3 21. c3 (21. Rd2 Rxd2 22. Kxd2 Rf2+ $17) 21... Qb6
22. b4 (22. b3 Qa5 $19) 22... Rxa2 $19) 21. Rd2 Rf1+ {[%emt 0:02:39]} 22. Rxf1
Rxf1+ 23. Rd1 Rf2 24. c3 Qb6 25. b4 Rxa2 $4 {Black had a win a few moves
before, and now faces a risk to loose the game , admittedly, this is very hard
to calculate, I wonder how much ELO you need to win this, surely 2000+} 26.
Qd8+ {To give you an idea, the Mephisto Explorer played this winning move with
a score of +0.0 !!! He has no clue either.} Kg7 {Much better was Kf7 again
hard to see if you don't see h6+ coming !} (26... Kf7 27. Rf1+ Rf2 28. Rxf2+
Qxf2 29. Qxc7+ Kf6 30. Qxh7 $16) 27. h6+ $1 {The Explore r plays h6 with an
score of +0.3, so again he plays this natural move, without having the mate or
win in his horizon. Pretty cool if you play the right moves beyond your
horizon just based on some aritmetic calculation} (27. Qe7+ $1 Kg8 28. Qe8+ Kg7
29. h6+ Kxh6 30. Rh1+ Kg5 31. Qe7+ Kg4 32. Qh4+ Kf3 33. Rh3+ Ke2 34. Qg4+ Ke1
35. Qd1+ Kf2 36. Qf3+ Ke1 37. Rh1+ Qg1 38. Rxg1#) 27... Kf7 $18 (27... Kxh6 {
Now there is a mate in 8 !!} 28. Rh1+ Kg7 29. Qe7+ Kg8 30. Qxh7+ Kf8 31. Qh8+
Ke7 32. Rh7+ Ke6 33. Qe8+ Kd6 34. Qxg6#) 28. Rf1+ {And now the score from the
Explorer moves up to +1.1 which is still way to low to assess the position,
but at least he goes for the win.} Rf2 $18 29. Rxf2+ Qxf2 30. Qxc7+ Ke6 (30...
Kf6 31. Qxh7 $18) 31. Qxh7 Qe3+ 32. Kc2 {Score moves up to +2.0 whereas any GM
level Engine now sees the score is +9 as the pawn on h6 is going for the win}
Qe2+ 33. Kb3 Qh5 (33... Qd1+ 34. Kc4 b5+ 35. Kc5 Qxd3 36. Qxg6+ Ke7 37. Qg5+
Ke6 (37... Kf7 38. Qf5+ Kg8 39. Qg6+ Kf8 40. Qg7+ Ke8 41. Qxe5+ Kf7 42. Qd5+
$18) 38. Qf5+ Ke7 39. Qxe5+ Kf7 40. Qd5+ $18) 34. Qg8+ {Mephistos scores
finally moved up to +7.8} Kf6 (34... Kd6 35. h7 Qd1+ (35... b5 36. Qd5+ Ke7 37.
Qxb5 $18) 36. Kc4 b5+ 37. Kxb5 Qxd3+ 38. c4 $18) 35. h7 Kg5 (35... Qd1+ 36. Kc4
b5+ 37. Kc5) (35... Ke7 36. h8=Q) 36. h8=Q Qd1+ 37. Kc4 b5+ 38. Kc5 Qg1+ 39.
Kd5 {End of Story !} (39. Kxb5 Qb6+ 40. Kc4) (39. d4 exd4 40. Qe5+ Kh4 {[%emt
0:00:05] Mate in}) 39... Qg3 (39... Qb6 40. Qxe5+ {[%emt 0:00:06] Mate in}) 40.
Qxg6+ Kxg6 41. Qg8+ Kf6 42. Qxg3 1-0